ARRUPE JESUIT UNIVERSITY

CORONAVIRUS -STOP THE SPREAD - CLEAN,DISINFECT,COVER

Nairobi today : (Record no. 120186)

MARC details
000 -LEADER
fixed length control field 01164cam a2200325 a 4500
001 - CONTROL NUMBER
control field 16719785
003 - CONTROL NUMBER IDENTIFIER
control field ARRUPE
005 - DATE AND TIME OF LATEST TRANSACTION
control field 20140307131730.0
008 - FIXED-LENGTH DATA ELEMENTS--GENERAL INFORMATION
fixed length control field 110404s2010 tz ab b 000 0 eng
010 ## - LIBRARY OF CONGRESS CONTROL NUMBER
LC control number 2011349210
020 ## - INTERNATIONAL STANDARD BOOK NUMBER
International Standard Book Number 9789987080939
020 ## - INTERNATIONAL STANDARD BOOK NUMBER
International Standard Book Number 9987080936
035 ## - SYSTEM CONTROL NUMBER
System control number (OCoLC)ocn681497200
040 ## - CATALOGING SOURCE
Original cataloging agency BTCTA
Language of cataloging eng
Transcribing agency BTCTA
Modifying agency YDXCP
-- NUI
-- DLC
041 1# - LANGUAGE CODE
Language code of text/sound track or separate title eng
Language code of original and/or intermediate translations of text fre
042 ## - AUTHENTICATION CODE
Authentication code lccopycat
-- lcode
043 ## - GEOGRAPHIC AREA CODE
Geographic area code f-ke----
050 00 - LIBRARY OF CONGRESS CALL NUMBER
Classification number DT434.N3
Item number N33513 2010
300 ## - PHYSICAL DESCRIPTION
Other physical details ill., maps ;
Dimensions 25 cm.
130 0# - MAIN ENTRY--UNIFORM TITLE
Uniform title Nairobi contemporain.
Language of a work English.
9 (RLIN) 9032
245 10 - TITLE STATEMENT
Title Nairobi today :
Remainder of title the paradox of a fragmented city /
Statement of responsibility, etc edited by Deyssi Rodriguez-Torres.
260 ## - PUBLICATION, DISTRIBUTION, ETC. (IMPRINT)
Place of publication, distribution, etc Dar es Salam, Tanzania :
Name of publisher, distributor, etc Mkuki na Nyota Publishers in association with French Institute for Research in Africa,
Date of publication, distribution, etc c2010.
300 ## - PHYSICAL DESCRIPTION
Extent xii, 405 p. :
500 ## - GENERAL NOTE
General note Translated from the French.
504 ## - BIBLIOGRAPHY, ETC. NOTE
Bibliography, etc Includes bibliographical references.
651 #0 - SUBJECT ADDED ENTRY--GEOGRAPHIC NAME
Geographic name Nairobi (Kenya)
9 (RLIN) 9033
700 1# - ADDED ENTRY--PERSONAL NAME
Personal name Rodriguez-Torres, Deyssi.
9 (RLIN) 9034
906 ## - LOCAL DATA ELEMENT F, LDF (RLIN)
a 7
b cbc
c copycat
d 3
e ncip
f 20
g y-gencatlg
942 ## - ADDED ENTRY ELEMENTS (KOHA)
Source of classification or shelving scheme Library of Congress Classification
Koha item type Monograph ( Printed materials)
Holdings
Withdrawn status Lost status Source of classification or shelving scheme Damaged status Not for loan Collection code Home library Current library Shelving location Date acquired Total Checkouts Full call number Barcode Date last seen Date checked out Price effective from Koha item type
    Library of Congress Classification     Main Collection ARRUPE LIBRARY ARRUPE LIBRARY Main Collection 07/03/2014 1 DT434.N3 N33513 2006 46500002083 07/12/2017 20/04/2017 07/03/2014 Monograph ( Printed materials)

 

Arrupe Library. PO Box MP320 Mt Pleasant, Harare, Zimbabwe
263 242 745411|librarian@aju.ac.zw